<?xml version="1.0" encoding="UTF-8"?>
<record
    xmlns:xsi="http://www.w3.org/2001/XMLSchema-instance"
    xsi:schemaLocation="http://www.loc.gov/MARC21/slim http://www.loc.gov/standards/marcxml/schema/MARC21slim.xsd"
    xmlns="http://www.loc.gov/MARC21/slim">

  <leader>00808nab a2200229uuc4500</leader>
  <controlfield tag="001">1128943</controlfield>
  <controlfield tag="005">20260429102421.0</controlfield>
  <controlfield tag="008">090304e20090201                    spa  </controlfield>
  <datafield tag="035" ind1=" " ind2=" ">
    <subfield code="a">1128943</subfield>
  </datafield>
  <datafield tag="035" ind1=" " ind2=" ">
    <subfield code="a">(OCoLC)820457555</subfield>
  </datafield>
  <datafield tag="040" ind1=" " ind2=" ">
    <subfield code="c">comduadb</subfield>
  </datafield>
  <datafield tag="041" ind1=" " ind2=" ">
    <subfield code="a">spa</subfield>
  </datafield>
  <datafield tag="100" ind1="1" ind2="0">
    <subfield code="a">MacKie, Robin</subfield>
    <subfield code="4">aut</subfield>
    <subfield code="e">aut</subfield>
    <subfield code="9">568005</subfield>
  </datafield>
  <datafield tag="245" ind1="1" ind2="0">
    <subfield code="a">De como Darwin gan&#xF3; la carrera de la evolucion</subfield>
  </datafield>
  <datafield tag="600" ind1="1" ind2="4">
    <subfield code="a">Darwin, Charles Robert,</subfield>
    <subfield code="d">1809-1882&#x200F;</subfield>
    <subfield code="9">245771</subfield>
  </datafield>
  <datafield tag="650" ind1=" " ind2=" ">
    <subfield code="a">Wallace, Alfred Russell</subfield>
    <subfield code="9">40106</subfield>
  </datafield>
  <datafield tag="650" ind1=" " ind2=" ">
    <subfield code="a">Teor&#xED;a de la evoluci&#xF3;n</subfield>
    <subfield code="9">53676</subfield>
  </datafield>
  <datafield tag="650" ind1=" " ind2="7">
    <subfield code="a">Selecci&#xF3;n natural</subfield>
    <subfield code="2">lemb</subfield>
    <subfield code="9">56696</subfield>
  </datafield>
  <datafield tag="700" ind1="1" ind2="0">
    <subfield code="a">Torres, Patricia</subfield>
    <subfield code="4">trl</subfield>
    <subfield code="0">(isni)0000 0000 4178 6506</subfield>
    <subfield code="0">(viaf)249567934</subfield>
    <subfield code="e">trl</subfield>
    <subfield code="9">463963</subfield>
  </datafield>
  <datafield tag="773" ind1="0" ind2=" ">
    <subfield code="t">El Malpensante (Bogot&#xE1;)</subfield>
    <subfield code="g">N&#xFA;mero 094, Febrero 2009, lado B, p. 29-35</subfield>
    <subfield code="w">313520</subfield>
    <subfield code="x">0122-9273</subfield>
    <subfield code="0">106778</subfield>
  </datafield>
  <datafield tag="942" ind1=" " ind2=" ">
    <subfield code="c">ARIMP</subfield>
  </datafield>
  <datafield tag="999" ind1=" " ind2=" ">
    <subfield code="c">493847</subfield>
    <subfield code="d">493847</subfield>
  </datafield>
</record>
